ბათუმის შოთა რუსთაველის სახელმწიფო უნივერსიტეტის ბიბლიოთეკა

მიწის კადასტრი. (ბიბ.ჩანაწერი № 44663)

000 -LEADER
fixed length control field 00717nam a2200217Ia 4500
001 - CONTROL NUMBER
control field 11466
003 - CONTROL NUMBER IDENTIFIER
control field GE_BSU
008 - FIXED-LENGTH DATA ELEMENTS--GENERAL INFORMATION
fixed length control field 181216s||||||||xx |||||||||||||| ||und||
040 ## - CATALOGING SOURCE
Transcribing agency GE_BSU
080 ## - UNIVERSAL DECIMAL CLASSIFICATION NUMBER
Universal Decimal Classification number 347.235.1(075.8)
100 ## - MAIN ENTRY--PERSONAL NAME
Personal name ჭინჭარაული,ნ.
245 ## - TITLE STATEMENT
Title მიწის კადასტრი.
245 ## - TITLE STATEMENT
Remainder of title სახელმძღვ.სას.სამ. ინ–ტის სტუდენტებისათვის.
245 ## - TITLE STATEMENT
Statement of responsibility, etc. რედ:მ.აბაშიძე.
260 ## - PUBLICATION, DISTRIBUTION, ETC.
Place of publication, distribution, etc. თბილისი.
260 ## - PUBLICATION, DISTRIBUTION, ETC.
Name of publisher, distributor, etc. განათლება.
260 ## - PUBLICATION, DISTRIBUTION, ETC.
Date of publication, distribution, etc. 1987.
300 ## - PHYSICAL DESCRIPTION
Extent 322გვ;22სმ.
653 ## - INDEX TERM--UNCONTROLLED
Uncontrolled term მიწის კადასტრი.
942 ## - ADDED ENTRY ELEMENTS (KOHA)
Koha item type წიგნი
ეგზემპლარები
Withdrawn status Lost status Damaged status Not for loan Date acquired Barcode Date last seen Price effective from Koha item type
        2018-12-17 20201 2018-12-17 2018-12-17 წიგნი
        2018-12-17 20202 2018-12-17 2018-12-17 წიგნი
        2018-12-17 20203 2018-12-17 2018-12-17 წიგნი
        2018-12-17 20204 2018-12-17 2018-12-17 წიგნი
        2018-12-17 20205 2018-12-17 2018-12-17 წიგნი
        2018-12-17 20206 2018-12-17 2018-12-17 წიგნი
        2018-12-17 20207 2018-12-17 2018-12-17 წიგნი
        2018-12-17 20208 2018-12-17 2018-12-17 წიგნი
        2018-12-17 20209 2018-12-17 2018-12-17 წიგნი
        2018-12-17 20210 2018-12-17 2018-12-17 წიგნი